000 00519nam a22001937a 4500
999 _c6676
_d6676
003 OSt
005 20200228103814.0
008 200228b ||||| |||| 00| 0 eng d
020 _a0471153419
040 _cDDC.
082 _a150SMY 1996.
100 _aSmyth,Yaymond,T;
_913727
245 _aWriting In Psychology: A student Guide.
260 _aNew york,John wiley& Son. 1996
300 _ax,214p;
_b,ill;
_c24cm.
504 _aIncludes Bibliography and index.
650 _aPsychology.
_931
942 _2ddc
_cO_SHELF